000 004930000a22001690004500
003 MACL
005 20160315141650.0
008 160315b xxu||||| |||| 00| 0 eng d
040 _aMACL
_cMACL
041 _aHindi
082 _a920
100 _aगांधीजी
_938113
245 _aनअी तालीमको ओर
260 _bनवजीवन प्रकाशन मंदिर
_c1956
_aअहमदाबाद
650 _aBiography
_946144
942 _cHIN
_k920
_2ddc
999 _c25386
_d25386